Controlling: Riaďte firmu moderne!

Vplyv hospodárskej krízy v 30. rokoch 20. storočia na rozmach kontrolingu. Význam kontrolingu pre podnik. Správne nastavenie ukazovateľov. Znalosť nákladov a výber dodávateľa. Význam kontrolingu pri rozhodovaní o outsourcingu.

Gespeichert in:
Bibliographische Detailangaben
1. Verfasser: Oravec, Jozef
Format: Buchkapitel
Sprache:Slowakisch
Schlagworte:
Tags: Tag hinzufügen
Keine Tags, Fügen Sie das erste Tag hinzu!

MARC

LEADER 00000naa a2200000 4500
001 0238420
005 20180103103724.0
041 0 |a slo 
044 |a CZ 
245 1 0 |a Controlling: Riaďte firmu moderne!  |c Jozef Oravec 
520 |a Vplyv hospodárskej krízy v 30. rokoch 20. storočia na rozmach kontrolingu. Význam kontrolingu pre podnik. Správne nastavenie ukazovateľov. Znalosť nákladov a výber dodávateľa. Význam kontrolingu pri rozhodovaní o outsourcingu. 
610 2 0 |a kontroling podnikový 
610 2 0 |a riadenie podnikové 
610 2 0 |a ukazovatele 
610 2 0 |a náklady 
100 1 |a Oravec, Jozef